The complex Monge-Ampere equation and pluripotential theory

Αποθηκεύτηκε σε:
Λεπτομέρειες βιβλιογραφικής εγγραφής
Κύριος συγγραφέας: Kolodziej, Slawomir 1961-
Μορφή: Βιβλίο
Γλώσσα:English
Δημοσίευση: Providence, R.I. : American Mathematical Society, 2005
Σειρά:Memoirs of the American Mathematical Society ; ; 178
Θέματα:
Ετικέτες: Προσθήκη ετικέτας
Δεν υπάρχουν, Καταχωρήστε ετικέτα πρώτοι!

MARC

LEADER 00000nam a2200000 i 4500
001 1/60054
008 071023s2005 eng d
020 |a 0-8218-3763-X 
035 |l 10091763 
040 |a GR-MY-UA  |b gre  |e aacr 
041 0 |a eng 
082 0 |a 515.7242  |2 (22) 
100 1 |a Kolodziej, Slawomir  |d 1961- 
245 1 4 |a The complex Monge-Ampere equation and pluripotential theory /  |c Slawomir Kolodziej 
260 |a Providence, R.I. :   |b American Mathematical Society,   |c 2005 
300 |a x, 64 σ.;  |c 26 εκ. 
490 1 |a Memoirs of the American Mathematical Society  |v ; 178 
504 |a Περιλαμβάνει βιβλιογραφικές παραπομπές (σ. 63-64) 
650 0 0 |a Monge-Ampere equations. 
650 0 0 |a Pluripotential theory. 
830 0 |a Memoirs of the American Mathematical Society ;  |v ; 178 
852 |a INST  |b SAMOS  |e 20071023  |h 515.7242 KOL  |p 005300028041  |q 005300028041  |t BK  |y 0 
901 |a BIBL3-2007-3 
909 |a Σ  |b 139362 
922 |a 3ΕΛΗ  |b 200709  |c ΕΠΕΑΕΚ2/ΤΜΗΜΑ ΜΑΘΗΜΑΤΙΚΩΝ  |d ΠΑΠΑΣΩΤΗΡΙΟΥ 
970 |a ΡΟΥΣΣΟΥ  |b ΚΩΝΣΤΑΝΤΙΝΑ  |z 2007/10/23